(Khmer) Earth and Ecology Khmer textbook Y11 / (Record no. 47668)
| 000 -LEADER | |
|---|---|
| fixed length control field | 00289nam a2200097 4500 |
| 020 ## - INTERNATIONAL STANDARD BOOK NUMBER | |
| International Standard Book Number | 9789995001049 |
| 245 ## - TITLE STATEMENT | |
| Title | (Khmer) Earth and Ecology Khmer textbook Y11 / |
| Statement of responsibility, etc | Ministry of Education, Youth and Sports. |
| 260 ## - PUBLICATION, DISTRIBUTION, ETC. (IMPRINT) | |
| Place of publication, distribution, etc | Cambodia: |
| 300 ## - PHYSICAL DESCRIPTION | |
| Extent | 204 p. |
| Other physical details | ill. |
| Dimensions | 25 cm. |
| 942 ## - ADDED ENTRY ELEMENTS (KOHA) | |
| Source of classification or shelving scheme | |
| Koha item type | Y11 Khmer Textbooks |
| Withdrawn status | Lost status | Source of classification or shelving scheme | Damaged status | Not for loan | Collection code | Home library | Current library | Date acquired | Full call number | Barcode | Date last seen | Price effective from | Koha item type |
|---|---|---|---|---|---|---|---|---|---|---|---|---|---|
| Siem Riep | Asian Hope Secondary Library | Asian Hope Secondary Library | 10/25/2024 | KHMER TB EARTH&ECOLOGY Y11 | 206224 | 01/16/2026 | 10/25/2024 | Y11 Khmer Textbooks |